UM Logo

Eight tweeters tweeting : (Record no. 21632)

MARC details
000 -LEADER
fixed length control field 00896nam a22002177a 4500
003 - CONTROL NUMBER IDENTIFIER
control field OSt
005 - DATE AND TIME OF LATEST TRANSACTION
control field 20250218154328.0
008 - FIXED-LENGTH DATA ELEMENTS--GENERAL INFORMATION
fixed length control field 240914b ||||| |||| 00| 0 eng d
040 ## - CATALOGING SOURCE
Transcribing agency 0
082 ## - DEWEY DECIMAL CLASSIFICATION NUMBER
Classification number DPer 372.05 EL269 2021 v. 122 n. 1-4
100 ## - MAIN ENTRY--PERSONAL NAME
Personal name Marich, Holly.
Relator term author.
9 (RLIN) 61057
245 ## - TITLE STATEMENT
Title Eight tweeters tweeting :
Remainder of title the writing processes of second graders composing with social media /
Statement of responsibility, etc. Holly Marich, Diana Brandon, Christine Greenhow, Douglas K. Hartman.
260 ## - PUBLICATION, DISTRIBUTION, ETC. (IMPRINT)
Place of publication, distribution, etc. USA ;
Name of publisher, distributor, etc. Univirsity of Chicago Press,
Date of publication, distribution, etc. September 2021.
300 ## - PHYSICAL DESCRIPTION
Extent volume 122, pages 26-56,
Other physical details illustration.
500 ## - GENERAL NOTE
General note The Elementary School Journal, v. 122, n. 1, pages 26-56, September 2021
700 ## - ADDED ENTRY--PERSONAL NAME
Personal name Marich, Holly.
Relator term author.
9 (RLIN) 61057
700 ## - ADDED ENTRY--PERSONAL NAME
Personal name Brandon, Diana.
Relator term author.
9 (RLIN) 61058
700 ## - ADDED ENTRY--PERSONAL NAME
Personal name Greenhow, Christine.
Relator term author.
9 (RLIN) 61059
700 ## - ADDED ENTRY--PERSONAL NAME
Personal name Hartman, Douglas K.
Relator term author.
9 (RLIN) 61060
942 ## - ADDED ENTRY ELEMENTS (KOHA)
Source of classification or shelving scheme Dewey Decimal Classification
Koha item type Periodicals
Holdings
Withdrawn status Lost status Source of classification or shelving scheme Damaged status Not for loan Collection code Home library Current library Date acquired Total Checkouts Date last seen Price effective from Koha item type Public note
    Dewey Decimal Classification     Periodicals UM Digos College - LIC UM Digos College - LIC 09/14/2024   09/14/2024 09/14/2024 Periodicals Periodical Article